000
00332nam a2200145Ia 4500
100
_a
Middleton/ R.G.
650
_a
Electrical Engineering
942
_c
BK
654
_a
Tape recorder
245
_a
Tape recorder servicing guide
260
_b
W.Foulsham & co.
_a
USA
_c
1973
082
_a
621.38
300
_a
96
546
_a
ENGLISH
999
_c
29042
_d
29042